Riconosci il Pokémon - Quiz n°322 - Statistics

Statistiche generali
  • Questo quiz è stato fatto 2 volte
  • Il punteggio medio è 10 su 10
Statistiche sulle risposte
Indizio Risposta % Corretto
Altezza 1,5 m
100%
Peso 40,0 kg
100%
Tasso di cattura 45 (11.9%)
100%
Sesso 87.5% ♂, 12.5% ♀
100%
Tipo Acqua / Buio
100%
Abilità Acquaiuto; Mutatipo; Morfosinfonia (Normale; Forma Ash)
100%
Pokémon Greninja
100%
Tasso di allevamento Medio-Lento
100%
Stadio evoluzione Seconda evoluzione
100%
Generazione Sesta
100%
Nessun quiz corrispondente trovato
Distribuzione punteggi
Percentuale di utenti per punteggio
Percentile per numero di risposta
I tuoi punteggi nel tempo
Non hai fatto questo quiz